00353nam a2200097Ia 4500082001900000245007900019260004200098500006900140650001700209700002900226 aRR 323.03 STU- 0aInternational encyclopaedia of human rights: Study stories of human rights aNew DelhibDiscovery Publishingc2001 acontents: 3 vols (vol 1 v, 620p.), (v 2 v, 912p.), (v 3 v, 1514) aHuman rights aRao, Digumarti Bhaskara